| 000 | 01073cam a2200349 i 4500 | ||
|---|---|---|---|
| 999 |
_c118779 _d48746 |
||
| 001 | 118779 | ||
| 003 | TR-AnTOB | ||
| 005 | 20190809214121.0 | ||
| 007 | ta | ||
| 008 | 171017s2017 tu b 000 0 tur d | ||
| 020 | _a9786053002796 | ||
| 035 | _a(OCoLC) | ||
| 040 |
_aSULEY _beng _erda _cSULEY _dTR-AnTOB |
||
| 041 | 0 | _atur | |
| 049 | _aMAIN | ||
| 050 | 1 | 4 | _aKKX3800 |
| 090 |
_aKKX3800 _b.A43 2017 |
||
| 100 | 1 |
_aAkbulut, Berrin _eauthor _9121070 |
|
| 245 | 1 | 0 |
_aCeza hukuku : _bgenel hükümler / _cBerrin Akbulut. |
| 250 |
_aDördüncü Baskı _bEylül 2017 |
||
| 264 | 1 |
_aAnkara : _bAdalet Yayınevi, _c2017. |
|
| 300 |
_axxi, 960 pages ; _c24 cm. |
||
| 336 |
_atext _btxt _2rdacontent |
||
| 337 |
_aunmediated _bn _2rdamedia |
||
| 338 |
_avolume _bnc _2rdacarrier |
||
| 490 | 0 |
_aAdalet. Hukuk yayınlar dizisi ; _v2029 |
|
| 500 | _aGözden Geçirilmiş ve Genişletilmiş 4. Baskı | ||
| 504 | _aIncludes bibliographical references (pages : [939]- 960) and index. | ||
| 650 | 7 |
_aCeza hukuku _2etuturkob _958325 |
|
| 942 |
_2lcc _cBK |
||